000 00880nam a22002417a 4500
003 OSt
005 20230224112453.0
008 220916b |||||||| |||| 00| 0 eng d
040 _cBiblioteca Lado V
082 _a802.22
_bB446h
100 _9752
_aBello Muñoz, Giselle
_eautor
245 _aHistorias de Payasos/
260 _aCuba
_bEdiciones Vigía
_bColección Barquitos
_c1999
300 _a15p.
_c10x28cm
_bLIBRO INTERVENIDO ARTISTICAMENTE DESDE LA PORTADA
650 _2Tesauro de Arte & Arquitectura
_aLIBRO-ARTE
650 _2Tesauro de Arte & Arquitectura
_aCUENTO
650 _2Tesauro de Arte & Arquitectura
_aILUSTRADO
650 _2Tesauro de Arte & Arquitectura
_aLITERATURA
651 _2Tesauro de Arte & Arquitectura
_aCUBA
700 _aEstevez, Rolando
_eartista
700 _aRuiz Montes, Laura
942 _2ddc
_c1
_h802.22
_iB446h
_n0
999 _c3068
_d3068